000 00527nam a2200169Ia 4500
003 GCL
005 20240530104628.0
008 140319s9999 xx 000 0 ara d
040 _aGCL /
_cGCL
082 0 4 _a371.7\
_bا خ
100 1 _aاحمد مصطفى خاطر
245 1 0 _aالخدمة الاجتماعية المدرسية /
_cاحمد مصطفى خاطر
300 _a312 ص
490 _aالهيئة العامة للاستعلامات
_v0
700 1 _aمحمد بهجت جادالله كشك
942 _2ddc
_cBK
999 _c49330
_d49330